| 000 | 01259nam a2200349 i 4500 | ||
|---|---|---|---|
| 001 | bg | ||
| 003 | BPK | ||
| 005 | 20200428143121.0 | ||
| 008 | 990209s1998 pl a f |001 0 pol | ||
| 015 | _aPB 2000/969 | ||
| 020 | _a8320423279 | ||
| 020 | _a8320421276 | ||
| 040 |
_aKR U/BG _dWA N _cBPK |
||
| 041 | 0 | _apol | |
| 080 | _a51 | ||
| 080 | _a(075.8) | ||
| 100 | 1 |
_aŻakowski, Wojciech _d(1929-1993) _eAutor |
|
| 245 | 0 | 0 |
_aMatematyka. _nCz. 4 / _cWojciech Żakowski, Wacław Leksiński. |
| 250 | _aWyd. 10. | ||
| 260 |
_aWarszawa : _bWydawnictwa Naukowo-Techniczne, _c1998. |
||
| 300 |
_a431, [1] s. : _bil. ; _c24 cm. |
||
| 490 | 1 | _aPodręczniki Akademickie. EIT Elektronika, Informatyka, Telekomunikacja. | |
| 500 | _aAut. cz. 1: Wojciech Żakowski, Grzegorz Decewicz. - Nagroda Główna Atena '94. | ||
| 504 | _aBibliogr. - Indeks. | ||
| 650 | 4 |
_aMatematyka _xszkoły wyższe. |
|
| 655 | 4 | _aPodręczniki akademickie | |
| 700 | 1 |
_aLeksiński, Wacław _d(1932- ). _eAutor |
|
| 710 | 2 |
_aWydawnictwa Naukowo-Techniczne _4pbl. |
|
| 856 | 4 | 1 |
_uhttp://koha.tu.koszalin.pl/cgi-bin/koha/opac-detail.pl?biblionumber=45277 _zKatalog online BPK |
| 830 | 0 |
_aPodręczniki Akademickie _pEIT |
|
| 942 |
_2UKD _cKS |
||
| 999 |
_c45277 _d45277 |
||